Language Quiz

Random Language or Country Quiz
Score 0/20 Timer 04:00
0 Plays Today
Country % Correct
BrasilBrazil
95.3%
Nova ZelândiaNew Zealand
93.2%
ÖsterreichAustria
89.1%
JepangJapan
85.9%
Ivory CoastCote d'Ivoire
79.9%
Corée du SudSouth Korea
75.7%
KanakāCanada
62.6%
Araabia ÜtisemiraadiqUnited Arab Emirates
59.1%
KitaiChina
51.6%
SfartitFrance
47.1%
Country % Correct
HrvatskaCroatia
46.6%
IgirizuEngland
46.6%
BandaríkinUnited States
43.2%
MasrEgypt
43.1%
UajemiIran
28.3%
Thổ Nhĩ KỳTurkey
27.7%
LengyelországPoland
25.4%
FasMorocco
22.4%
Ostrof KiprCyprus
17.2%
SakartweloGeorgia
16.4%

You're not logged in!

Compare scores with friends on all Sporcle quizzes.
OR
Log In

Sporcle TV

Today on Sporcle TV


Watch our educational content, quiz creation guides, and fun videos on Sporcle TV.

Show Comments

Extras

Created Oct 6, 2009ReportNominate
Tags:Country Quiz, foreign

Top Quizzes Today


Score Distribution

Paid Content

Your Account Isn't Verified!

In order to create a playlist on Sporcle, you need to verify the email address you used during registration. Go to your Sporcle Settings to finish the process.

Report this User

Report this user for behavior that violates our Community Guidelines.

Details: